Districts of Derbyshire - Statistics

General Stats
  • This quiz has been taken 72 times
  • The average score is 5 of 9
Answer Stats
Status Answer % Correct
City City of Derby
100%
Districts South Derbyshire
67%
Districts Amber Valley
63%
Districts Chesterfield
61%
Districts Derbyshire Dales
57%
Districts High peak
53%
Districts North East Derbyshire
47%
Districts Erewash
45%
Districts Bolsover
43%
No matching quizzes found
Score Distribution
Percent of People with Each Score
Percentile by Number Answered
Your Score History
You have not taken this quiz